000 00969cam a2200265 a 4500
001 000003832
005 20200929150603.0
008 930329r19931930riu 000 1 eng
010 _a93013214
020 _a1559210869 :
_c$8.95
040 _aDO-SdBNP
_cDLC
_dDLC
043 _aa-cc---
050 0 0 _aPS3503.U198
_bE2 1993
100 1 _aBuck, Pearl S.
_q(Pearl Sydenstricker),
_d1892-1973.
_911588
245 1 0 _aViento del este, viento del oeste /
_cPearl S. Buck.
250 _a3a ed.
260 _aBarcelona :
_bEdicones G. P.;
_aEmeryville, CA :
_bDistributed in North America by Publishers Group West,
_c1993.
300 _a277 p. ;
_c21 cm.
490 1 _aOriental novels of Pearl S. Buck ;
_v8th
650 0 _aMarried people
_xFiction.
_911601
651 0 _aChina
_xFiction.
_911602
800 1 _aBuck, Pearl S.
_q(Pearl Sydenstricker),
_d1892-1973.
_tOriental novels of Pearl S. Buck ;
_v8th
_911603
910 _aCatalogación por copia / LC
082 0 0 _a813/.52
_220
999 _c3654
_d3654